The growing business handbook / (Record no. 344488)
[ view plain ]
| 000 -LEADER | |
|---|---|
| fixed length control field | 01145 a2200193 4500 |
| 020 ## - INTERNATIONAL STANDARD BOOK NUMBER | |
| International Standard Book Number | 0749424753 |
| 020 ## - INTERNATIONAL STANDARD BOOK NUMBER | |
| International Standard Book Number | 9780749424756 |
| 090 ## - LOCALLY ASSIGNED LC-TYPE CALL NUMBER (OCLC); LOCAL CALL NUMBER (RLIN) | |
| -- | 1985 |
| -- | 1985 |
| 100 1# - MAIN ENTRY--PERSONAL NAME | |
| Personal name | Jolly, Adam. |
| 245 14 - TITLE STATEMENT | |
| Title | The growing business handbook / |
| Statement of responsibility, etc. | Adam Jolly. |
| 260 ## - PUBLICATION, DISTRIBUTION, ETC. | |
| Place of publication, distribution, etc. | [S.l.] : |
| Name of publisher, distributor, etc. | Kogan Page Ltd, |
| Date of publication, distribution, etc. | 1997. |
| 300 ## - PHYSICAL DESCRIPTION | |
| Extent | 288 p. |
| 500 ## - GENERAL NOTE | |
| General note | Paperback. |
| 520 ## - SUMMARY, ETC. | |
| Summary, etc. | If the current economic upturn is to be maintained the UK has to address the needs of its growing businesses. In turn the businesses themselves need to learn to exploit the new economic climate. This handbook represents a range of practical strategies for managing growth, focusing on how companies can fulfill their potential by adopting appropriate funding, adapting their structure and ownership, as well as developing world class management capabilities. Published in association with KPMG and The Confederation of British Industry. |
| 700 1# - ADDED ENTRY--PERSONAL NAME | |
| Personal name | Wilsher, Richard. |
| 856 40 - ELECTRONIC LOCATION AND ACCESS | |
| Materials specified | Amazon.com |
| Uniform Resource Identifier | <a href="http://www.amazon.com/exec/obidos/ASIN/0749424753/chopaconline-20">http://www.amazon.com/exec/obidos/ASIN/0749424753/chopaconline-20</a> |
| 856 40 - ELECTRONIC LOCATION AND ACCESS | |
| Materials specified | Amazon customer reviews |
| Uniform Resource Identifier | <a href="http://www.chopac.org/cgi-bin/tools/azrev.pl?q=0749424753">http://www.chopac.org/cgi-bin/tools/azrev.pl?q=0749424753</a> |
| 942 ## - ADDED ENTRY ELEMENTS (KOHA) | |
| Institution code [OBSOLETE] | NBS |
| Koha item type | Book |
| Call number prefix | 650.2 GRO |
| Withdrawn status | Lost status | Damaged status | Not for loan | Permanent Location | Current Location | Date acquired | Total Checkouts | Full call number | Barcode | Date last seen | Price effective from | Koha item type |
|---|---|---|---|---|---|---|---|---|---|---|---|---|
| Central Library (CL) | Central Library (CL) | 08/28/2013 | 650.2 GRO | NBS1520 | 08/28/2013 | 08/28/2013 | Book |
